00791nam a2200253 a 4500001001300000003000900013005001700022008004100039020002300080082001800103100001900121245004100140260004100181300000900222500003500231505003400266650003900300650002800339700001900367902000800386942000700394952011900401999001700520nice12345678IN_TiNIC20260116013915.0050524s1991 newa grp 000 0 eng  a8170366 c17500a305.8954bPRI aPrimila, Lewis aSocial Action and the Labouring Poor aNew Delhi bSage Publications c1991 a267p aincludes index and biblioraphy2 aAppendix, Bibliography, Index aIndia-Social Service Organisations aDevelopment-Rural India1 aPrimila, Lewis bSRS cBK 001040708StackRoom-aHMIbHMId2007-03-30g175.00l0o305.8954 PRIp016115r2007-03-30v175.00w2005-05-24yBK c13049d13049